| 000 | 01491cab a2200253 4500 | ||
|---|---|---|---|
| 001 | ABS67469 | ||
| 008 | 040129n2003 000 0 eng u | ||
| 035 | _a(Sirsi) u124955 | ||
| 100 | _aFrench, N. | ||
| 245 | 4 | _aThe RICS valuation and appraisal standards | |
| 260 | _c2003 | ||
| 490 |
_aJournal of Property Investment and Finance _v21(6) 2003, 495-501(7) |
||
| 520 | _aThe RICS has, over a period of more than 25 years, provided guidance and mandatory advice to valuers providing valuations in the UK in the form of a series of appraisal and valuation manuals. In May 2003, the latest edition of these manuals was published: "The RICS valuation and appraisal standards" (ISBN 1842191233). One of the principal aims of the new (fifth) edition was to reflect the increasing international status of the RICS. As a result the new standards will clarify the distinction between standards, which are of relevance to members worldwide and those that are specific to practice in the UK. Effectively, the new book is implementing the RICS policy of adopting and supporting international valuation standards. [Taken from journal headnote] | ||
| 590 | _aABS | ||
| 650 | _aUNITED KINGDOM | ||
| 650 | _aVALUERS | ||
| 650 | _aVALUATIONS | ||
| 650 | _aINTERNATIONAL VALUATION STANDARDS | ||
| 650 | _aAPPRAISAL AND VALUATION MANUAL | ||
| 650 | _aRICS appraisal and valuation standards | ||
| 650 | _aVALUATION PROCESS | ||
| 690 | _aPROPERTY-PROPERTY APPRAISAL AND VALUATION | ||
| 942 | _n0 | ||
| 999 |
_c74087 _d74087 |
||